Návrh zmien v oblasti kontinuálneho vzdelávania
Kontinuálny profesijný rozvoj učiteľov v rôznych krajinách. Situácia na Slovensku. Účinnosť zákona č. 317/2009 Z. z. v znení neskorších predpisov. Kontinuálne vzdelávanie vo vzťahu k využívaniu informačno-komunikačných technológií. Návrhy zmien.
Salvato in:
| Autore principale: | |
|---|---|
| Natura: | Capitolo di libro |
| Lingua: | slovacco |
| Soggetti: | |
| Tags: |
Nessun Tag, puoi essere il primo ad aggiungerne!!
|
MARC
| LEADER | 00000naa$a2200000$$$4500 | ||
|---|---|---|---|
| 001 | 0175954 | ||
| 005 | 20240502073013.2 | ||
| 041 | 0 | |a slo | |
| 044 | |a SK | ||
| 245 | 1 | 0 | |a Návrh zmien v oblasti kontinuálneho vzdelávania |c Anikó Töröková |
| 520 | |a Kontinuálny profesijný rozvoj učiteľov v rôznych krajinách. Situácia na Slovensku. Účinnosť zákona č. 317/2009 Z. z. v znení neskorších predpisov. Kontinuálne vzdelávanie vo vzťahu k využívaniu informačno-komunikačných technológií. Návrhy zmien. | ||
| 610 | 2 | 0 | |a vzdelávanie celoživotné |
| 610 | 2 | 0 | |a vzdelávanie dospelých |
| 610 | 2 | 0 | |a učitelia |
| 610 | 2 | 0 | |a technológie informačné |
| 610 | 2 | 0 | |a technológie komunikačné |
| 610 | 2 | 0 | |a kvalita vzdelávania |
| 610 | 2 | 0 | |a legislatíva |
| 100 | 1 | |a Töröková, Anikó, 1963- | |